000 00280nam a2200097Ia 4500
001 652166
005 20250826154433.0
008 250824s9999 xx 000 0 und d
245 0 _aBilimsel Serüvenler Dünya yı Uzaydan Haritalamak
_cRobert Snedden
260 _bTÜBİTAK YAYINLARI
999 _c652166
_d652166